MDQL
is popping MORE tags! Check the
thread
!
Quizzes
Events
Quiz Creation
Community
Videos
Private Events
Remove Ads
Sign In
Join for FREE
Feedback
Dark Mode
Quiz Categories
Sports
Geography
Music
Movies
Television
Just For Fun
Miscellaneous
History
Literature
Language
Science
Gaming
Entertainment
Religion
Holiday
For Kids
Quiz Lab
Recent
Popular Today
Quiz Kudos Today
Editor Picks
Curator Picks
Quizzes by...
Day
Popularity
Type
Ratings
Length
Year
Community
Subscriptions
Recent Discussions
Orange Saloon
Badges
Playlists
Quests
Create
Leaderboards
Showdown
Live 5
Trivia Bingo
Activity
Puzzle Library
Sporcle Events
Private Events
Virtual Trivia
Globe League
Become a Host
Pub Owners
SporcleCon
Opinionation
Our Games
Videos
Blog
Mobile Apps
Partnerships
Remove Ads and Go Orange
Feedback
Television
TV Characters
TV Show
Sitcom
Network
Friends
Reality Shows
Cast
South Park
Star Trek
The Simpsons
Doctor Who
Television
TV Characters
TV Show
Sitcom
Network
Friends
Reality Shows
Cast
South Park
Star Trek
The Simpsons
Doctor Who
Random Quiz
Search Sporcle
×
Quiz Lab
Quiz Lab
Television
Clickable
Select answers by clicking on text or image buttons
Select answers by clicking on text or image buttons
Clickable
Best Score? Go Orange.
Power Rangers Characters Stats
Can you pick the Power Rangers Characters
By
MemilyShipper
10m
108 Questions
3,156 Plays
3,156 Plays
3,156 Plays
Comments
Comments
Give Quiz Kudos
Give Quiz Kudos
-
- Ratings
hide this ad
Forced Order
Answers have to be entered in order
Answers have to be entered in order
Random Order
Randomize order of answers
Randomize order of answers
Replay
Link that replays current quiz
Next Quiz
Link to next quiz in quiz playlist
You Got
0%
They Got
Avg Score
52%
Avg Friend Score
Upgrade to see
Score Distribution
Jump to the score distribution portion of the page
Score
0/108
Timer
10:00
0
Plays Today
% Correct
Jason
87.4%
Billy
84.6%
Kimberly
84.6%
Zack
83.8%
Rocky
83.1%
Rocky
82.2%
Trini
81.5%
Adam
79.5%
Adam
78.9%
Adam
78.7%
Aisha
78.3%
Kat
77.9%
Kat
77.8%
Kat
77.6%
TJ
75%
TJ
75%
Justin
74.5%
Tommy
73.8%
Tommy
73.7%
Tanya
73.4%
Andros
73.1%
Tanya
73%
Tommy
72.6%
Tommy
72.6%
Carlos
72.1%
Carlos
71.9%
Cassie
71.7%
Cassie
71.5%
Ashley
71%
Ashley
70.8%
Leo
69.4%
Karone
66.9%
Kendrix
66.6%
Kai
66.1%
Carter
65.4%
Maya
64.4%
% Correct
Damon
64.3%
Chad
62%
Joel
61.5%
Wesley
61.4%
Dana
61.3%
Jen
60.7%
Trip
59.7%
Kelsey
59.6%
Ryan
59.5%
Cole
59.4%
Eric
59%
Lucas
58.8%
Katie
57%
Danny
55.4%
Tori
55%
Alyssa
54.6%
Merrick
54.4%
Shane
54.2%
Taylor
53.7%
Max
53.3%
Dustin
53.3%
Conner
53%
Cam
52.3%
Hunter
52%
Blake
51%
Ethan
49.8%
Trent
49.3%
Kira
49%
Z
46.5%
Sky
46.4%
Jack
45.9%
Syd
45.8%
Bridge
45.6%
Nick
42.4%
Xander
42.4%
Vida
42.3%
% Correct
Maddie
41.8%
Daggeron
40.9%
Udonna
40.8%
Chip
40.4%
Mack
39.7%
Casey
38.3%
Dax
37.8%
Lily
37.5%
RJ
37.5%
Theo
37%
Rose
36.7%
Tyzonn
36.3%
Ronny
36.2%
Will
35.5%
Dom
35.4%
Summer
35.3%
Dillon
33.4%
Anubis
31%
Jayden
24.7%
Scott
24.2%
Orion
24.1%
Lauren
23.6%
Ziggy
23.4%
Flynn
23.2%
Antonio
23.2%
Kevin
22.7%
Gemma
22.7%
Troy
22.6%
Emma
22.4%
Mia
22.4%
Gem
22.3%
Emily
22.2%
Gia
22%
Noah
21.8%
Mike
21.6%
Jake
20.9%
Quiz Playlist
Details
Report
Send in Message
Add To Playlist
Clickable:
Select answers by clicking on text or image buttons
Forced Order:
Answers have to be entered in order
Random Order:
Randomize order of answers
Last Updated: Feb 16, 2017
Quiz Scoreboard
CHALLENGE
Sign Up to Join the Scoreboard
Show All
Scores
Hide
Comments
May contain spoilers
Recently Published
Colored Red Africa Blitz
by spor1
Geography
30s
Find the 'City' Movie
by crazypaving
Movies
60s
5x2 Blitz: Bands
by SL_Kpop136
Music
30s
More to Explore
Quiz From the Vault
Featured Blog Post
14 Easter Pick-up Lines to Find Eggs With
hide this ad
You Might Also Like...
Tags
Clickable Quiz
Character
Power
Power Rangers
Ranger
Today's Top Quizzes in Television
Browse Television
hide this ad
Today's Top Quizzes in Clickable
Browse Clickable
Top Contributed Quizzes in Television
1
Survivor Journey Challenge
2
Survivor Logic Puzzle: Heroes vs. Villains
3
One Tree Hill Logic Puzzle
4
Phoebe Buffay Quotes
5
Game of Thrones: Tywin Lannister Start to Finish
6
Brooklyn Nine Nine Logic Puzzle (How-To-Play)
7
A Series of Unfortunate Events: Netflix Character Chain
8
All US Survivor Seasons in Order
9
Survivor: Criteria Castaways
10
A Series of Unfortunate Events: S3 Character Chain
Explore More
Trending Topics
Kpop
Crossword
NBA
Disney
Marvel
Harry Potter
Anime
The Office
Song
Puzzle
Pokémon
NFL
Country
Soccer
WWE
hide this ad
More By:
MemilyShipper
Quiz
Plays
Rating
Category
Featured
Created
Power Rangers Characters
3,156
Television
May 30, 2014
Go to Creator's Profile
Score Distribution
Quiz Creator Spotlight
MemilyShipper
Follow
Send a Message
Quizzes Created
-
Created Quiz Play Count
-
More By This Creator
Popular Quizzes Today
1
5x2 Blitz: Bands
2
Find the 'City' Movie
3
Colored Red Africa Blitz
4
Find the US States - No Outlines Minefield
5
The Countries of the World
6
Find the US States
7
9x9 Crossword: Cartoon Network
8
US States
More Television Quizzes
Titular TV Show Character Match
Published
Trending Quizzes
Colored Red Africa Blitz II
Colored Red Europe Blitz I
Christmas Pick: Judaism
Colored Red Africa Blitz III
Colored Red Europe Blitz II
Recently Updated
Champions League XIs: Real Madrid
pecheneg
Largest US Cities 1790-2010
pecheneg
Rides in Walt Disney World
pecheneg
Most Oscar Losses (Acting)
pecheneg
Beyoncé Albums
pecheneg
Leaping Animals
pecheneg
Reality TV Shows (A-Z)
bhenderson79
Rickey Henderson's Hall of Fame Teammates
pecheneg
Champions League XIs: Arsenal
pecheneg
Quick Pick: Celebrities in WWE's Hall of Fame
aduchscher
Trending Topics
Crossword
Kpop
NBA
Harry Potter
Marvel
Anime
Disney
Song
Pokémon
The Office
Soccer
NFL
Puzzle
Country
WWE
Your Account Isn't Verified!
In order to create a playlist on Sporcle, you need to verify the email address you used during registration. Go to your
Sporcle Settings
to finish the process.
Report this User
Report this user for behavior that violates our
Community Guidelines
.
Details:
Send Report
Go to the Sporcle.com Mobile Site →
Comments